000
00213nam a2200097Ia 4500
008
240331s9999 xx 000 0 und d
082
_a
294.5
_b
CAW
100
_a
Doniger, W. tr.
245
4
_a
The low of menu
942
_c
L
999
_c
939
_d
939